000 03483nam a22003257a 4500
003 OSt
005 20240515214906.0
008 240508b ||||| |||| 00| 0 eng d
040 _bEnglish.
_cCvSU-CCAT Campus Library.
_erda.
050 _aUM QA 76.59
_bB37 1991
100 _aBasa, John Michael P., author.
_912398
245 _aDevelopment of personal computer (Pc) doctor : a mobile computer troubleshooting tutorial for Intel Hardwares /
_cJohn Michael P. Basa, Raymond L. Cederia, and Rommel C. Sarmiento.
260 _aRosario, Cavite :
_bCavite State University-CCAT Campus,
_c2015.
300 _axv, 181 leaves :
_billustrations ;
_c28 cm
500 _aA Design Project (BSInfoTech) -- Cavite State University-CCAT Campus, 2015.
504 _aIncludes bibliographical references and appendices.
520 _aBASA, JOHN MICHAEL P., CEDERIA RAYMOND L AND SARMIENTO ROMMEL. C. Development Of Personal Computer (Pc) Doctor: A Mobile Computer Troubleshooting Tutorial For Intel Hardwares. A Project Design Bachelor of Science in Information Technology Cavite State University Rosario Campus, Rosario, Cavite. April 2015. Adviser Mr. Christopher G. Estonilo Troubleshooting is the process of fixing the problems in the computer With the emergence of mobile applications on smart phones and the basic problems about computer, the researchers have come up with the idea of developing a mobile application which is called PC Doctor: A Mobile Application System for Computer Troubleshooting Using Intel Hardware with Animation. The study aimed to design the user interface of the PC Doctor, test and evaluate the mobile application, and install and implement the mobile application through mobile phones, tablets and all gadgets with Android operating system. The researchers used system development method called iterative model, where planning, analysing and designing phase interact continuously to produce the PC Doctor that can be tested, evaluated and implemented through mobile phones and gadgets having an Android OS. The criteria used for the evaluation of the mobile application were: accuracy, consistency, correctness, reliability, information in the program, user interaction, and technical aspects of the software materials. Average and mean were used. Two hundred (200) participants evaluated the mobile application, which was composed of one hundred sixteen (116) IT students, seventy seven (77) non-IT students and seven teachers from Cavite State University Rosario. The result of the software evaluation shows that the mobile application achieved an overall mean of 4.54 with a descriptive interpretation of "Excellent". The PC Doctor for smart phones with android operating system is capable of helping and guiding users who don't know how to fix and solve computer problems. It serves as a tool, guide and reference for the users to maintain and to gain some knowledge about computers and how to fix it.
546 _aIn English text.
650 _aMobile apps.
_9257
650 _aSsytems.
_912771
650 _aComputer trouble shooting.
_912772
650 _aHardware.
_912773
650 _aAnimation.
_912774
700 _aCederia, Raymond L., author.
_912399
700 _aSarmiento, Rommel C., author.
_912400
700 _aEstonilo, Christopher G., adviser.
_95822
700 _aManero, Ailyn L., technical critic.
_912401
942 _2lcc
_cT/M/D
_kUM
_hQA 76.59 B37 1991
999 _c3385
_d3385